000 00591nam a2200241Ia 4500
003 OSt
005 20220924144322.0
006 a|||||r|||| 00| 0
007 ta
008 220923b |||||||| |||| 00| 0 urd d
020 _c2
024 _a313593
037 _cTextual
040 _aARTS
_cARTS
_burd
041 _2urd
_aurd
082 _aO168,1M90w, K2
100 _aShad Durga Prashad
_9217461
245 0 _aYaad-e-Jigar
260 _c1962
650 _aURDU POETRY
942 _hO168,1M90w, K2
_cTEXL
_2CC
999 _c456752
_d456752